000
00341nam a2200157Ia 4500
003
OSt
005
20231220095721.0
008
170524s9999 xx 000 0 und d
020
_a
8120317106
040
_c
IIMT
100
_a
Pandya Raj
245
0
_a
Mobile and Personal Communication
260
_b
PHI
260
_c
2004
942
_2
ddc
_c
02
999
_c
5104
_d
5104